000
00304nam a2200121Ia 4500
008
240624s9999 xx 000 0 und d
041
_a
eng
082
_a
658.4034 SWA
100
_a
SWARUP KANTI
245
_a
OPERATIONS RESEARCH
260
_c
2006
_a
New Delhi
_b
S. Chand
300
_a
xv, : 813 : p. : cm. ; 24
999
_c
4193
_d
4193